000 00392nam a2200181Ia 4500
003 0STCL
008 150530s9999 xx 000 0 und d
040 _aSTCL
_cSTCL
100 _aBhattathiripad, V.T.
245 _aV.T.yude kathakal
250 _a2
260 _c1999
_aThrissur
300 _a0
546 _aMalayalam
942 _2ddc
_cBK
999 _c77942
_d77942
005 20220125171654.0